Valence, semantic case, and grammatical relations (Record no. 177921)

MARC details
000 -LEADER
fixed length control field 00791nam a2200253Ia 4500
003 - CONTROL NUMBER IDENTIFIER
control field OSt
005 - DATE AND TIME OF LATEST TRANSACTION
control field 20220918184828.0
008 - FIXED-LENGTH DATA ELEMENTS--GENERAL INFORMATION
fixed length control field 220917b |||||||| |||| 00| 0 eng d
037 ## - SOURCE OF ACQUISITION
Terms of availability Textual
040 ## - CATALOGING SOURCE
Original cataloging agency ARTS
Transcribing agency ARTS
Language of cataloging eng
041 ## - LANGUAGE CODE
Source of code eng
Language code of text/sound track or separate title eng
100 ## - MAIN ENTRY--PERSONAL NAME
Personal name Abraham Werner ed
9 (RLIN) 39720
245 #0 - TITLE STATEMENT
Title Valence, semantic case, and grammatical relations
Remainder of title 12th international congress of linguists, University of Vienna, Austria, August 29 to Sept 3, 12977
260 ## - PUBLICATION, DISTRIBUTION, ETC.
Place of publication, distribution, etc. Amsterdam
Name of publisher, distributor, etc. John Benjamins
Date of publication, distribution, etc. 1978
300 ## - PHYSICAL DESCRIPTION
Extent xiv,729p.
Dimensions cm.
500 ## - GENERAL NOTE
General note Bib 725-29p
650 ## - SUBJECT ADDED ENTRY--TOPICAL TERM
Topical term or geographic name entry element LINGUISTICS
942 ## - ADDED ENTRY ELEMENTS (KOHA)
Classification part P:3p1,N77, L7
Koha item type Textual
Source of classification or shelving scheme Colon Classification (CC)
Holdings
Withdrawn status Lost status Damaged status Not for loan Home library Current library Date acquired Total Checkouts Full call number Barcode Date last seen Price effective from Koha item type
        Arts Library Arts Library 2022-09-18   P:3p1,N77 L7 AL0778771 2022-09-18 2022-09-18 Textual
Copyright @ Delhi University Library System